| Tag |
First Indicator |
Second Indicator |
Subfields |
| LEADER |
00000cam a2200000 a 4500 |
| 001 |
in00000572913 |
| 005 |
20151014065335.0 |
| 008 |
820409m19829999nyu d 00010 eng d |
| 020 |
|
|
|a 0820602906 (v.1)
|
| 035 |
|
|
|a (OCoLC)08325629
|
| 035 |
|
|
|9 ACN7465AM
|
| 040 |
|
|
|a YDM
|c YDM
|d TXA
|d UtOrBLW
|
| 049 |
|
|
|a TXAM
|v 1 [A08246364]
|
| 090 |
|
|
|a TP986.A15
|b A7 1982
|
| 100 |
1 |
|
|a Ash, Michael.
|
| 245 |
1 |
0 |
|a Encyclopedia of plastics, polymers, and resins /
|c compiled by Michael and Irene Ash.
|
| 264 |
|
1 |
|a New York :
|b Chemical Publishing,
|c 1982-
|
| 300 |
|
|
|a volumes
|
| 336 |
|
|
|a text
|b txt
|2 rdacontent
|
| 337 |
|
|
|a unmediated
|b n
|2 rdamedia
|
| 338 |
|
|
|a volume
|b nc
|2 rdacarrier
|
| 650 |
|
0 |
|a Plastics
|v Dictionaries.
|
| 650 |
|
0 |
|a Polymerization
|x Dictionaries.
|
| 650 |
|
0 |
|a Gums and resins
|x Dictionaries.
|
| 650 |
|
0 |
|a Polymers
|x Dictionaries.
|
| 700 |
1 |
|
|a Ash, Irene.
|
| 999 |
|
|
|a MARS
|
| 999 |
f |
f |
|s c268fc07-6a72-3823-aaa5-62695c203535
|i e75a5eda-99a5-34c7-ad87-1f7ad579e05a
|t 0
|
| 952 |
f |
f |
|p ric
|a Texas A&M University
|b Rellis Campus
|c Joint Library Facility
|d Remote Storage
|t 0
|e TP986.A15 A7 1982
|h Library of Congress classification
|i unmediated -- volume
|k v.1
|m A14808246364
|
| 998 |
f |
f |
|a TP986.A15 A7 1982
|s v.1
|t 0
|l Remote Storage
|